| 000 | 00444nam a22001697a 4500 | ||
|---|---|---|---|
| 003 | OSt | ||
| 005 | 20211021143004.0 | ||
| 008 | 211021b |||||||| |||| 00| 0 eng d | ||
| 020 | _a92-5-101479-5 | ||
| 040 | _cHAWASSA UNIVERSITY | ||
| 050 |
_a631.7/DON _b6 |
||
| 082 |
_a631.7/DON _b6 |
||
| 100 |
_aDONEEN D. L. _qDONEEN D.L. _914888 |
||
| 245 | _aIRRIGATION PRACTICE AND WATER MANAGEMENT | ||
| 260 |
_aROME _bFAO _c1988 |
||
| 942 |
_2ddc _cBOOKS _n0 |
||
| 999 |
_c14132 _d14132 |
||